000 00545cam a2200205 a 4500
001 sa 66002883
003 DLC
005 20260227112232.0
008 810317s1959 ii 000 f hino
010 _asa 66002883
040 _aDLC
_cDLC
050 0 0 _aPK2098.A67
_bA64 1959
100 0 _aĀrigapūḍi,
_d1932-
245 1 0 _aApane-parāye /
_c"Ārigapūḍi".
250 _aSaṃskaraṇa 1.
260 _aVārāṇasī :
_bHindī Pracāraka Pustakālaya,
_c1959.
300 _a133 p. ;
_c19 cm.
500 _aNovel.
546 _aIn Hindi.
999 _c68600
_d68600